| 000 | 00373nam a2200157Ia 4500 | ||
|---|---|---|---|
| 008 | 230312s9999||||xx |||||||||||||| ||und|| | ||
| 020 | _a0-07-017770-8 | ||
| 082 |
_a339 _bDOR-M |
||
| 100 | _aDornbusch, Rudiger | ||
| 245 | 0 | _aMacroeconomics | |
| 260 |
_bMcGraw Hill _aLondon _c1984 |
||
| 300 | _a723 | ||
| 546 | _aEng. | ||
| 650 |
_aEconomics _vIntroduction, |
||
| 942 | _cBK | ||
| 999 |
_c7015 _d7015 |
||